[Event "Russian Team Championships 2014 (men)"]
[Site "Sochi (Loo)"]
[Date "2014.04.12"]
[Round "6.19"]
[White "Smirnov, Pavel"]
[Black "Fedoseev, Vladimir"]
[Result "0-1"]
[LiveChessVersion "1.4.2"]
[BlackElo "2663"]
[WhiteElo "2624"]
[BlackTeam "Club Chigorin"]
[WhiteTeam "Politekhnik"]

1. d4 {[%clk 1:30:55]} d5 {[%clk 1:30:55]} 2. c4 {[%clk 1:31:19]} c6
{[%clk 1:31:19]} 3. cxd5 {[%clk 1:30:12]} cxd5 {[%clk 1:31:39]} 4. Bf4
{[%clk 1:30:38]} Nc6 {[%clk 1:31:57]} 5. e3 {[%clk 1:31:01]} Nf6 {[%clk 1:24:37]}
6. Nc3 {[%clk 1:31:21]} Bg4 {[%clk 1:23:44]} 7. Qb3 {[%clk 1:31:40]} Na5
{[%clk 1:23:47]} 8. Qa4+ {[%clk 1:32:02]} Bd7 {[%clk 1:24:08]} 9. Qc2
{[%clk 1:32:28]} Rc8 {[%clk 1:17:45]} 10. Bd3 {[%clk 1:29:31]} e6
{[%clk 1:12:57]} 11. Nf3 {[%clk 1:28:47]} Bb4 {[%clk 1:05:07]} 12. O-O
{[%clk 1:27:31]} h6 {[%clk 0:58:37]} 13. Ne5 {[%clk 1:26:12]} O-O
{[%clk 0:58:10]} 14. h3 {[%clk 1:09:14]} Be8 {[%clk 0:46:30]} 15. Rac1
{[%clk 0:59:36]} Nd7 {[%clk 0:46:00]} 16. Qe2 {[%clk 0:57:39]} Nxe5
{[%clk 0:45:07]} 17. Bxe5 {[%clk 0:55:51]} Nc4 {[%clk 0:41:46]} 18. Bh2
{[%clk 0:49:27]} Nd6 {[%clk 0:32:57]} 19. Nb5 {[%clk 0:42:36]} Nxb5
{[%clk 0:32:00]} 20. Bxb5 {[%clk 0:41:35]} Qa5 {[%clk 0:32:07]} 21. a4
{[%clk 0:36:32]} Bc6 {[%clk 0:30:01]} 22. b3 {[%clk 0:25:26]} Rfd8
{[%clk 0:29:37]} 23. Bd3 {[%clk 0:22:36]} Bd7 {[%clk 0:27:44]} 24. Bb5
{[%clk 0:20:43]} Bc6 {[%clk 0:25:24]} 25. Bd3 {[%clk 0:18:42]} Qb6
{[%clk 0:21:38]} 26. Bf4 {[%clk 0:11:40]} Be8 {[%clk 0:16:43]} 27. Bb5
{[%clk 0:10:08]} Kf8 {[%clk 0:10:31]} 28. Bxe8 {[%clk 0:09:18]} Kxe8
{[%clk 0:10:51]} 29. Be5 {[%clk 0:03:40]} Bf8 {[%clk 0:08:47]} 30. Qb5+
{[%clk 0:04:05]} Qxb5 {[%clk 0:08:51]} 31. axb5 {[%clk 0:04:32]} Kd7
{[%clk 0:08:53]} 32. Ra1 {[%clk 0:04:01]} f6 {[%clk 0:08:49]} 33. Bg3
{[%clk 0:04:28]} Bd6 {[%clk 0:08:58]} 34. Bxd6 {[%clk 0:03:29]} Kxd6
{[%clk 0:09:21]} 35. Rxa7 {[%clk 0:02:43]} Kc7 {[%clk 0:09:40]} 36. Rfa1
{[%clk 0:00:54]} Kb6 {[%clk 0:10:01]} 37. Kf1 {[%clk 0:00:41]} Rc3
{[%clk 0:09:40]} 38. Ra8 {[%clk 0:00:53]} Rxa8 {[%clk 0:09:32]} 39. Rxa8
{[%clk 0:01:21]} Kxb5 {[%clk 0:09:25]} 40. Re8 {[%clk 0:30:45]} Rxb3
{[%clk 0:39:48]} 41. Rxe6 {[%clk 0:27:56]} Kc4 {[%clk 0:40:11]} 42. Re7
{[%clk 0:15:16]} Kd3 {[%clk 0:39:08]} 43. g4 {[%clk 0:15:07]} g5 {[%clk 0:33:05]}
44. Re6 {[%clk 0:13:55]} b5 {[%clk 0:32:20]} 45. Rxf6 {[%clk 0:13:17]} b4
{[%clk 0:32:21]} 46. Rxh6 {[%clk 0:12:59]} Rc3 {[%clk 0:32:42]} 47. f4
{[%clk 0:07:23]} gxf4 {[%clk 0:28:23]} 48. exf4 {[%clk 0:07:48]} b3
{[%clk 0:28:50]} 49. Rb6 {[%clk 0:06:31]} Kc2 {[%clk 0:29:10]} 50. Kg2
{[%clk 0:05:45]} b2 {[%clk 0:29:30]} 51. Rxb2+ {[%clk 0:06:03]} Kxb2
{[%clk 0:29:51]} 52. g5 {[%clk 0:03:00]} Rc8 {[%clk 0:29:14]} 53. h4
{[%clk 0:01:51]} Kc3 {[%clk 0:29:18]} 54. h5 {[%clk 0:01:49]} Kxd4
{[%clk 0:29:43]} 55. Kf3 {[%clk 0:02:01]} Ke5 0-1

[Event "Russian Team Championships 2014 (men)"]
[Site "Sochi (Loo)"]
[Date "2014.04.12"]
[Round "6.23"]
[White "Vokarev, Sergey"]
[Black "Ionov, Sergey"]
[Result "1/2-1/2"]
[LiveChessVersion "1.4.2"]
[BlackElo "2538"]
[WhiteElo "2468"]
[BlackTeam "Club Chigorin"]
[WhiteTeam "Politekhnik"]

1. e4 {[%clk 1:30:58]} e6 {[%clk 1:30:36]} 2. d4 {[%clk 1:31:20]} d5
{[%clk 1:31:01]} 3. exd5 {[%clk 1:31:23]} exd5 {[%clk 1:31:17]} 4. Nf3
{[%clk 1:31:50]} Bd6 {[%clk 1:12:33]} 5. c4 {[%clk 1:30:13]} Nf6 {[%clk 1:09:15]}
6. Nc3 {[%clk 1:29:16]} dxc4 {[%clk 1:08:35]} 7. Bxc4 {[%clk 1:28:48]} O-O
{[%clk 1:08:54]} 8. O-O {[%clk 1:28:17]} Nc6 {[%clk 1:08:19]} 9. Bg5
{[%clk 1:23:41]} h6 {[%clk 1:05:34]} 10. Bh4 {[%clk 1:20:35]} Bg4
{[%clk 1:02:34]} 11. Bb5 {[%clk 1:09:22]} Bxf3 {[%clk 0:39:54]} 12. Qxf3
{[%clk 1:07:17]} Nxd4 {[%clk 0:40:12]} 13. Qxb7 {[%clk 1:06:05]} Rb8
{[%clk 0:33:37]} 14. Qa6 {[%clk 1:05:08]} Nf5 {[%clk 0:19:58]} 15. Bg3
{[%clk 0:50:13]} Nxg3 {[%clk 0:16:34]} 16. hxg3 {[%clk 0:49:33]} Ng4
{[%clk 0:12:17]} 17. Ne4 {[%clk 0:36:54]} Rb6 {[%clk 0:08:08]} 18. Qa4
{[%clk 0:36:30]} Nf6 {[%clk 0:06:54]} 19. Nxd6 {[%clk 0:33:57]} cxd6
{[%clk 0:07:18]} 20. b3 {[%clk 0:30:24]} Qb8 {[%clk 0:07:11]} 21. Bd3
{[%clk 0:30:02]} Re8 {[%clk 0:05:36]} 22. Rfe1 {[%clk 0:27:39]} Re5
{[%clk 0:05:28]} 23. Rac1 {[%clk 0:24:27]} Rxe1+ {[%clk 0:02:12]} 24. Rxe1
{[%clk 0:24:56]} Rb7 {[%clk 0:02:03]} 25. Qc6 {[%clk 0:21:07]} g6
{[%clk 0:00:58]} 26. Rc1 {[%clk 0:08:08]} Kg7 {[%clk 0:01:22]} 27. Qc8
{[%clk 0:07:10]} Qxc8 {[%clk 0:01:26]} 28. Rxc8 {[%clk 0:07:35]} d5
{[%clk 0:01:24]} 29. Kf1 {[%clk 0:07:34]} Nd7 {[%clk 0:01:02]} 30. Ke2
{[%clk 0:06:41]} Ne5 {[%clk 0:00:57]} 31. Rc5 {[%clk 0:05:28]} Rd7
{[%clk 0:00:35]} 32. Bb5 {[%clk 0:04:30]} Rd6 {[%clk 0:00:59]} 33. f4
{[%clk 0:04:45]} Ng4 {[%clk 0:01:22]} 34. Rc6 {[%clk 0:04:57]} Re6+
{[%clk 0:01:20]} 35. Kd2 {[%clk 0:03:40]} Re7 {[%clk 0:01:28]} 36. Be2
{[%clk 0:02:33]} Nf6 {[%clk 0:01:39]} 37. Bf3 {[%clk 0:02:01]} Ne4+
{[%clk 0:01:54]} 38. Bxe4 {[%clk 0:01:24]} dxe4 {[%clk 0:02:19]} 39. Ra6
{[%clk 0:01:11]} Rd7+ {[%clk 0:01:21]} 40. Ke2 {[%clk 0:31:27]} f5
{[%clk 0:30:40]} 41. b4 {[%clk 0:31:03]} Rb7 {[%clk 0:28:52]} 42. a3
{[%clk 0:29:55]} h5 {[%clk 0:27:35]} 43. Ra5 {[%clk 0:27:38]} Kh6
{[%clk 0:25:54]} 44. b5 {[%clk 0:21:38]} h4 {[%clk 0:24:07]} 45. gxh4
{[%clk 0:21:21]} Kh5 {[%clk 0:24:31]} 46. a4 {[%clk 0:19:37]} Kxh4
{[%clk 0:19:50]} 47. Ra6 {[%clk 0:18:03]} g5 {[%clk 0:15:42]} 48. Rf6
{[%clk 0:10:57]} gxf4 {[%clk 0:10:07]} 49. Rxf5 {[%clk 0:11:25]} Kg4
{[%clk 0:10:02]} 50. Re5 {[%clk 0:11:24]} e3 {[%clk 0:08:49]} 51. Re8
{[%clk 0:11:04]} Rg7 {[%clk 0:07:21]} 52. a5 {[%clk 0:10:59]} Kf5
{[%clk 0:05:04]} 53. Rf8+ {[%clk 0:09:07]} Ke4 {[%clk 0:05:22]} 54. Re8+
{[%clk 0:09:18]} Kf5 {[%clk 0:05:19]} 55. Rf8+ {[%clk 0:07:51]} Ke4
{[%clk 0:05:41]} 56. Re8+ {[%clk 0:08:18]} Ke5 1/2-1/2

[Event "Russian Team Championships 2014 (men)"]
[Site "Sochi (Loo)"]
[Date "2014.04.12"]
[Round "6.33"]
[White "Goryachkina, Aleksandra"]
[Black "Sivuk, Vitaly"]
[Result "1-0"]
[LiveChessVersion "1.4.2"]
[BlackElo "2519"]
[WhiteElo "2423"]
[BlackTeam "Turbonasos"]
[WhiteTeam "Yamal"]

1. d4 {[%clk 1:30:57]} Nf6 {[%clk 1:30:47]} 2. c4 {[%clk 1:31:21]} e6
{[%clk 1:31:11]} 3. g3 {[%clk 1:31:41]} d5 {[%clk 1:31:23]} 4. Bg2
{[%clk 1:31:44]} Bb4+ {[%clk 1:31:36]} 5. Nd2 {[%clk 1:31:25]} O-O
{[%clk 1:31:48]} 6. Ngf3 {[%clk 1:30:55]} dxc4 {[%clk 1:31:51]} 7. Qc2
{[%clk 1:30:52]} a5 {[%clk 1:31:40]} 8. O-O {[%clk 1:24:50]} b5 {[%clk 1:27:50]}
9. a4 {[%clk 1:20:52]} c6 {[%clk 1:27:16]} 10. Ne5 {[%clk 1:16:42]} Ra6
{[%clk 1:26:36]} 11. e3 {[%clk 1:13:08]} Nd5 {[%clk 1:18:25]} 12. Rd1
{[%clk 1:04:57]} Bb7 {[%clk 1:10:41]} 13. Ne4 {[%clk 0:58:19]} f6
{[%clk 1:03:38]} 14. Nf3 {[%clk 0:54:02]} Nd7 {[%clk 0:54:39]} 15. Bd2
{[%clk 0:53:03]} Qe7 {[%clk 0:51:43]} 16. Nc3 {[%clk 0:39:24]} Bxc3
{[%clk 0:38:16]} 17. Bxc3 {[%clk 0:35:05]} Rfa8 {[%clk 0:33:51]} 18. Be1
{[%clk 0:30:28]} N7b6 {[%clk 0:32:59]} 19. Nd2 {[%clk 0:29:42]} Nb4
{[%clk 0:30:20]} 20. Qb1 {[%clk 0:29:21]} Nd3 {[%clk 0:26:38]} 21. Be4
{[%clk 0:25:10]} Nxa4 {[%clk 0:23:49]} 22. Nxc4 {[%clk 0:21:17]} Nxe1
{[%clk 0:23:20]} 23. Rxe1 {[%clk 0:21:09]} Qb4 {[%clk 0:14:25]} 24. Qc2
{[%clk 0:20:38]} h6 {[%clk 0:10:46]} 25. Rec1 {[%clk 0:19:04]} R8a7
{[%clk 0:09:37]} 26. b3 {[%clk 0:14:31]} Nb6 {[%clk 0:08:55]} 27. Nxb6
{[%clk 0:12:33]} Rxb6 {[%clk 0:09:22]} 28. Qc5 {[%clk 0:12:26]} Rba6
{[%clk 0:08:56]} 29. Qh5 {[%clk 0:09:03]} Qe7 {[%clk 0:08:53]} 30. Rc5
{[%clk 0:07:43]} Ba8 {[%clk 0:05:45]} 31. Rac1 {[%clk 0:07:37]} a4
{[%clk 0:04:01]} 32. bxa4 {[%clk 0:06:38]} bxa4 {[%clk 0:04:14]} 33. Bd3
{[%clk 0:03:27]} Rb6 {[%clk 0:04:15]} 34. Ra5 {[%clk 0:03:16]} Rb8
{[%clk 0:02:18]} 35. Ra1 {[%clk 0:03:18]} f5 {[%clk 0:01:26]} 36. Rxa7
{[%clk 0:02:48]} Qxa7 {[%clk 0:01:50]} 37. Qg6 {[%clk 0:02:35]} Qe7
{[%clk 0:00:41]} 38. Bc4 {[%clk 0:02:34]} c5 {[%clk 0:00:40]} 39. Bxe6+
{[%clk 0:02:23]} Kf8 {[%clk 0:00:31]} 40. Qxf5+ {[%clk 0:31:51]} Ke8
{[%clk 0:30:47]} 41. d5 {[%clk 0:30:00]} Rb4 {[%clk 0:30:00]} 42. Rd1
{[%clk 0:24:05]} Qf6 {[%clk 0:28:07]} 43. Qh7 {[%clk 0:22:26]} Qf8
{[%clk 0:25:25]} 44. Qd3 {[%clk 0:16:31]} Qf3 {[%clk 0:24:13]} 45. Rf1
{[%clk 0:15:07]} Ke7 {[%clk 0:20:01]} 46. h4 {[%clk 0:10:24]} Rb6
{[%clk 0:17:50]} 47. Qc3 {[%clk 0:09:44]} Rxe6 {[%clk 0:06:37]} 48. Qxc5+
{[%clk 0:09:30]} Kf7 {[%clk 0:06:15]} 49. Qa7+ {[%clk 0:09:23]} Kg6
{[%clk 0:06:33]} 50. Qxa8 {[%clk 0:09:06]} Rxe3 {[%clk 0:06:33]} 51. Qxa4
{[%clk 0:07:25]} Rd3 {[%clk 0:06:31]} 52. Qc2 {[%clk 0:05:51]} Kh5
{[%clk 0:05:45]} 53. Qc7 {[%clk 0:03:40]} Kg6 {[%clk 0:02:59]} 54. d6
{[%clk 0:03:21]} Qd5 {[%clk 0:02:58]} 55. Qc2 {[%clk 0:03:37]} Kf7
{[%clk 0:02:42]} 56. Rb1 {[%clk 0:02:59]} Qxd6 {[%clk 0:02:28]} 57. Qc4+
{[%clk 0:03:16]} Kf6 {[%clk 0:01:41]} 58. Qg4 {[%clk 0:03:25]} Qd4
{[%clk 0:01:18]} 59. Qh3 {[%clk 0:03:25]} Rd1+ {[%clk 0:01:11]} 60. Rxd1
{[%clk 0:03:54]} Qxd1+ {[%clk 0:01:35]} 61. Qf1 {[%clk 0:03:56]} Qd4
{[%clk 0:01:30]} 62. Qa6+ {[%clk 0:04:13]} Kf7 {[%clk 0:01:46]} 63. Qb7+
{[%clk 0:04:39]} Kf6 {[%clk 0:02:08]} 64. Kg2 {[%clk 0:04:57]} Qd6
{[%clk 0:01:55]} 65. Qf3+ {[%clk 0:05:16]} Ke7 {[%clk 0:02:12]} 66. Qe4+
{[%clk 0:05:41]} Kf7 {[%clk 0:02:02]} 67. Qe3 {[%clk 0:05:27]} h5
{[%clk 0:01:04]} 68. Kf3 {[%clk 0:04:39]} Qd1+ {[%clk 0:01:09]} 69. Qe2
{[%clk 0:04:45]} Qd5+ {[%clk 0:00:50]} 70. Qe4 {[%clk 0:04:54]} Qd7
{[%clk 0:00:47]} 71. Ke3 {[%clk 0:04:55]} g6 {[%clk 0:00:39]} 72. Qc4+
{[%clk 0:04:27]} Kf8 {[%clk 0:01:01]} 73. Qf4+ {[%clk 0:04:36]} Kg8
{[%clk 0:01:15]} 74. Qf6 {[%clk 0:04:50]} Kh7 {[%clk 0:01:31]} 75. Kf4
{[%clk 0:04:54]} Qd2+ {[%clk 0:01:13]} 76. Ke4 {[%clk 0:04:17]} Qc2+
{[%clk 0:01:16]} 77. Kd5 {[%clk 0:04:40]} Qc7 {[%clk 0:01:18]} 78. Ke6
{[%clk 0:04:16]} Qc4+ {[%clk 0:01:16]} 79. Ke7 {[%clk 0:04:37]} Qc5+
{[%clk 0:01:25]} 80. Ke8 {[%clk 0:04:41]} Qb5+ {[%clk 0:01:02]} 81. Kd8
{[%clk 0:04:58]} Qd5+ {[%clk 0:01:03]} 82. Ke7 {[%clk 0:05:03]} Qc5+
{[%clk 0:01:12]} 83. Kd7 {[%clk 0:05:31]} Qb5+ {[%clk 0:01:14]} 84. Kc7
{[%clk 0:05:18]} Qc5+ {[%clk 0:01:35]} 85. Kd7 {[%clk 0:04:40]} Qb5+
{[%clk 0:02:00]} 86. Ke7 {[%clk 0:04:33]} Qb4+ {[%clk 0:01:35]} 87. Kf7
{[%clk 0:04:16]} Qb3+ {[%clk 0:01:45]} 88. Kf8 {[%clk 0:03:44]} Qb8+
{[%clk 0:02:06]} 89. Ke7 {[%clk 0:04:09]} Qb7+ {[%clk 0:02:08]} 90. Ke8
{[%clk 0:03:51]} Qb5+ {[%clk 0:02:28]} 91. Kd8 {[%clk 0:04:14]} Qd5+
{[%clk 0:02:32]} 92. Kc7 {[%clk 0:04:26]} Qc5+ {[%clk 0:02:56]} 93. Kb7
{[%clk 0:04:38]} Qb5+ {[%clk 0:02:20]} 94. Qb6 {[%clk 0:04:59]} Qd5+
{[%clk 0:02:32]} 95. Qc6 {[%clk 0:04:45]} Qb3+ {[%clk 0:01:27]} 96. Kc7
{[%clk 0:05:04]} Kh6 {[%clk 0:01:18]} 97. Qc5 {[%clk 0:05:14]} Qf7+
{[%clk 0:01:23]} 98. Kd8 {[%clk 0:04:49]} Qf6+ {[%clk 0:01:24]} 99. Ke8
{[%clk 0:04:57]} Qe6+ {[%clk 0:00:48]} 100. Qe7 {[%clk 0:04:31]} Qc6+
{[%clk 0:00:40]} 101. Kf7 {[%clk 0:03:17]} Qc4+ {[%clk 0:00:41]} 102. Qe6
{[%clk 0:03:04]} Qc7+ {[%clk 0:00:56]} 103. Kf8 {[%clk 0:02:44]} Qc5+
{[%clk 0:00:39]} 104. Kg8 {[%clk 0:02:27]} Qxf2 {[%clk 0:00:41]} 105. Qc4
{[%clk 0:01:13]} Qf6 {[%clk 0:00:31]} 106. Qf4+ {[%clk 0:01:07]} Qxf4
{[%clk 0:00:54]} 107. gxf4 {[%clk 0:01:35]} g5 {[%clk 0:01:15]} 108. fxg5+
{[%clk 0:02:03]} Kg6 {[%clk 0:01:42]} 109. Kh8 {[%clk 0:02:01]} Kf5
{[%clk 0:02:02]} 110. Kh7 {[%clk 0:02:23]} 1-0

[Event "Russian Team Championships 2014 (men)"]
[Site "Sochi (Loo)"]
[Date "2014.04.12"]
[Round "6.35"]
[White "Savitskiy, Sergey"]
[Black "Demidov, Mikhail"]
[Result "0-1"]
[LiveChessVersion "1.4.2"]
[BlackElo "2498"]
[WhiteElo "2356"]
[BlackTeam "Turbonasos"]
[WhiteTeam "Yamal"]

1. e4 {[%clk 1:30:58]} e6 {[%clk 1:30:56]} 2. d4 {[%clk 1:31:22]} d5
{[%clk 1:31:21]} 3. Nd2 {[%clk 1:31:47]} Be7 {[%clk 1:30:29]} 4. e5
{[%clk 1:32:06]} c5 {[%clk 1:30:41]} 5. c3 {[%clk 1:32:31]} Nc6 {[%clk 1:30:54]}
6. Bd3 {[%clk 1:32:25]} Bd7 {[%clk 1:29:50]} 7. Ne2 {[%clk 1:30:30]} Qb6
{[%clk 1:16:49]} 8. Nf3 {[%clk 1:29:17]} cxd4 {[%clk 1:16:13]} 9. cxd4
{[%clk 1:29:32]} Bb4+ {[%clk 1:15:48]} 10. Kf1 {[%clk 1:29:44]} Na5
{[%clk 1:06:41]} 11. g3 {[%clk 1:18:08]} Bb5 {[%clk 1:04:34]} 12. Kg2
{[%clk 1:18:26]} Bxd3 {[%clk 1:03:36]} 13. Qxd3 {[%clk 1:18:49]} Be7
{[%clk 1:02:10]} 14. b3 {[%clk 1:13:38]} Nc6 {[%clk 1:00:01]} 15. a3
{[%clk 1:13:25]} Qa6 {[%clk 0:57:13]} 16. Qxa6 {[%clk 1:05:19]} bxa6
{[%clk 0:56:51]} 17. Bd2 {[%clk 1:03:52]} Bd8 {[%clk 0:56:46]} 18. Rhc1
{[%clk 1:03:19]} Nge7 {[%clk 0:56:54]} 19. Rc2 {[%clk 1:00:05]} Bb6
{[%clk 0:54:50]} 20. b4 {[%clk 0:47:20]} Kd7 {[%clk 0:54:57]} 21. g4
{[%clk 0:44:56]} f6 {[%clk 0:53:11]} 22. a4 {[%clk 0:43:49]} Rab8
{[%clk 0:50:30]} 23. Rac1 {[%clk 0:30:40]} Rhc8 {[%clk 0:40:10]} 24. exf6
{[%clk 0:27:31]} gxf6 {[%clk 0:40:26]} 25. g5 {[%clk 0:27:03]} fxg5
{[%clk 0:39:23]} 26. b5 {[%clk 0:26:58]} axb5 {[%clk 0:39:42]} 27. axb5
{[%clk 0:27:24]} Nd8 {[%clk 0:36:35]} 28. Ne5+ {[%clk 0:26:29]} Ke8
{[%clk 0:37:01]} 29. Bxg5 {[%clk 0:26:21]} Rxc2 {[%clk 0:37:04]} 30. Rxc2
{[%clk 0:26:46]} Rc8 {[%clk 0:36:39]} 31. Ra2 {[%clk 0:23:27]} Nf5
{[%clk 0:35:07]} 32. Bxd8 {[%clk 0:21:34]} Rxd8 {[%clk 0:35:30]} 33. Nc6
{[%clk 0:20:31]} Rd7 {[%clk 0:35:38]} 34. Nf4 {[%clk 0:18:49]} Nxd4
{[%clk 0:35:13]} 35. Nxd4 {[%clk 0:18:26]} Bxd4 {[%clk 0:35:21]} 36. Nxe6
{[%clk 0:18:52]} Bb6 {[%clk 0:35:40]} 37. Nf4 {[%clk 0:18:52]} Ke7
{[%clk 0:35:30]} 38. Rd2 {[%clk 0:14:41]} d4 {[%clk 0:35:19]} 39. Kf3
{[%clk 0:15:05]} Kd6 {[%clk 0:34:49]} 40. Ke4 {[%clk 0:38:48]} Re7+
{[%clk 1:04:31]} 41. Kd3 {[%clk 0:38:50]} Kc5 {[%clk 1:03:14]} 42. Rc2+
{[%clk 0:33:46]} Kxb5 {[%clk 1:02:37]} 43. Nd5 {[%clk 0:34:06]} Re1
{[%clk 0:56:29]} 44. Nxb6 {[%clk 0:23:19]} Rd1+ {[%clk 0:56:18]} 45. Ke4
{[%clk 0:21:44]} axb6 {[%clk 0:56:28]} 46. f4 {[%clk 0:21:50]} d3
{[%clk 0:51:36]} 47. Rc3 {[%clk 0:20:36]} d2 {[%clk 0:51:42]} 48. Kd3
{[%clk 0:20:46]} Rc1 {[%clk 0:51:39]} 49. Kxd2 {[%clk 0:20:46]} Rxc3
{[%clk 0:52:04]} 50. Kxc3 {[%clk 0:21:11]} Kc5 {[%clk 0:52:31]} 51. Kd3
{[%clk 0:11:02]} Kd5 {[%clk 0:52:49]} 52. Ke3 {[%clk 0:11:27]} h5
{[%clk 0:52:51]} 53. Kd4+ Ke5+ 0-1

[Event "Russian Team Championships 2014 (men)"]
[Site "Sochi (Loo)"]
[Date "2014.04.13"]
[Round "7.17"]
[White "Pogosian, Georgy"]
[Black "Tregubov, Pavel V."]
[Result "1/2-1/2"]
[LiveChessVersion "1.4.2"]
[BlackElo "2620"]
[WhiteElo "2241"]
[BlackTeam "Universitet"]
[WhiteTeam "Atom"]

1. d4 {[%clk 1:30:58]} Nf6 {[%clk 1:30:53]} 2. c4 {[%clk 1:30:54]} Nc6
{[%clk 1:31:11]} 3. Nf3 {[%clk 1:30:29]} e6 {[%clk 1:31:35]} 4. Nc3
{[%clk 1:29:16]} Bb4 {[%clk 1:31:54]} 5. Qc2 {[%clk 1:25:46]} d6 {[%clk 1:31:50]}
6. Bg5 {[%clk 1:15:33]} h6 {[%clk 1:31:30]} 7. Bh4 {[%clk 1:14:50]} g5
{[%clk 1:30:01]} 8. Bg3 {[%clk 1:13:31]} g4 {[%clk 1:29:52]} 9. O-O-O
{[%clk 1:09:09]} Bxc3 {[%clk 1:01:28]} 10. bxc3 {[%clk 0:54:21]} gxf3
{[%clk 0:59:47]} 11. Bh4 {[%clk 0:53:43]} d5 {[%clk 0:35:30]} 12. c5
{[%clk 0:48:06]} b6 {[%clk 0:24:20]} 13. Rd3 {[%clk 0:19:39]} fxg2
{[%clk 0:20:08]} 14. Bxg2 {[%clk 0:19:47]} Rg8 {[%clk 0:20:22]} 15. Rg3
{[%clk 0:19:24]} Rg5 {[%clk 0:17:16]} 16. Rxg5 {[%clk 0:17:22]} hxg5
{[%clk 0:17:42]} 17. Bxg5 {[%clk 0:17:46]} bxc5 {[%clk 0:17:18]} 18. e4
{[%clk 0:13:45]} cxd4 {[%clk 0:12:13]} 19. exd5 {[%clk 0:13:47]} Qd6
{[%clk 0:10:30]} 20. dxe6 {[%clk 0:08:06]} Rb8 {[%clk 0:08:00]} 21. Bxf6
{[%clk 0:07:08]} Qf4+ {[%clk 0:05:10]} 22. Qd2 {[%clk 0:07:12]} Qxf6
{[%clk 0:04:54]} 23. Bxc6+ {[%clk 0:07:36]} Kf8 {[%clk 0:04:12]} 24. Qxd4
{[%clk 0:07:48]} Qxd4 {[%clk 0:03:38]} 25. cxd4 {[%clk 0:08:17]} Bxe6
{[%clk 0:04:01]} 26. d5 {[%clk 0:08:10]} Bf5 {[%clk 0:04:27]} 27. Re1
{[%clk 0:06:12]} Rb1+ {[%clk 0:04:51]} 28. Kd2 {[%clk 0:06:37]} Rb2+
{[%clk 0:05:18]} 29. Ke3 {[%clk 0:07:01]} Rxa2 {[%clk 0:05:19]} 30. Rc1
{[%clk 0:05:59]} Ke7 {[%clk 0:03:31]} 31. h4 {[%clk 0:04:53]} Bg6
{[%clk 0:02:17]} 32. Bb5 {[%clk 0:03:18]} Kd6 {[%clk 0:01:52]} 33. Be2
{[%clk 0:01:33]} Ra3+ {[%clk 0:01:36]} 34. Kf4 {[%clk 0:01:27]} Ra2
{[%clk 0:00:40]} 35. Ke3 {[%clk 0:01:34]} Ra3+ {[%clk 0:00:51]} 36. Kf4
{[%clk 0:01:57]} Ra2 {[%clk 0:01:08]} 37. Ke3 {[%clk 0:02:21]} Ra3+
{[%clk 0:00:43]} 38. Kf4 {[%clk 0:02:40]} Ra2 {[%clk 0:01:07]} 39. Ke4 Ke5+
1/2-1/2

[Event "Russian Team Championships 2014 (men)"]
[Site "Sochi (Loo)"]
[Date "2014.04.13"]
[Round "7.18"]
[White "Aleksandrov, Aleksej"]
[Black "Parfenov, Viktor N."]
[Result "1-0"]
[LiveChessVersion "1.4.2"]
[BlackElo "2194"]
[WhiteElo "2539"]
[BlackTeam "Atom"]
[WhiteTeam "Universitet"]

1. d4 {[%clk 1:30:57]} d5 {[%clk 1:30:55]} 2. c4 {[%clk 1:31:23]} e6
{[%clk 1:31:22]} 3. Nc3 {[%clk 1:31:49]} c5 {[%clk 1:31:49]} 4. cxd5
{[%clk 1:32:13]} exd5 {[%clk 1:32:14]} 5. Nf3 {[%clk 1:32:25]} Nc6
{[%clk 1:32:36]} 6. g3 {[%clk 1:32:39]} c4 {[%clk 1:32:58]} 7. Bg2
{[%clk 1:30:59]} Bb4 {[%clk 1:31:23]} 8. O-O {[%clk 1:31:22]} Nge7
{[%clk 1:31:45]} 9. Bd2 {[%clk 1:31:45]} O-O {[%clk 1:27:42]} 10. b3
{[%clk 1:29:25]} Bxc3 {[%clk 1:27:10]} 11. Bxc3 {[%clk 1:29:50]} b5
{[%clk 1:27:36]} 12. bxc4 {[%clk 1:28:55]} bxc4 {[%clk 1:27:58]} 13. Qa4
{[%clk 1:24:04]} Bf5 {[%clk 1:26:12]} 14. Nh4 {[%clk 1:21:09]} Bd7
{[%clk 1:23:36]} 15. Qa3 {[%clk 1:21:28]} Be6 {[%clk 1:23:50]} 16. Rfd1
{[%clk 1:19:29]} Qd7 {[%clk 1:22:26]} 17. Nf3 {[%clk 1:18:15]} f6 18. Nd2 Rab8
{[%clk 1:19:46]} 19. e4 {[%clk 1:00:29]} Rb5 {[%clk 1:17:53]} 20. Nxc4
{[%clk 0:47:14]} dxc4 {[%clk 1:16:44]} 21. d5 {[%clk 0:45:52]} Nxd5
{[%clk 1:13:58]} 22. exd5 {[%clk 0:46:16]} Bxd5 {[%clk 1:14:23]} 23. Qa4
{[%clk 0:24:05]} Rfb8 {[%clk 1:13:19]} 24. Rxd5 {[%clk 0:22:51]} Rxd5
{[%clk 1:12:22]} 25. Qxc4 {[%clk 0:20:30]} Rbb5 {[%clk 1:12:32]} 26. Rc1
{[%clk 0:06:46]} Ne7 {[%clk 1:08:41]} 27. Bd4 {[%clk 0:06:49]} Kh8
{[%clk 1:08:24]} 28. Bxd5 {[%clk 0:06:31]} Rxd5 {[%clk 1:08:37]} 29. Bxa7
{[%clk 0:06:02]} h6 {[%clk 1:08:14]} 30. Be3 {[%clk 0:03:29]} Nf5
{[%clk 1:07:41]} 31. Bc5 {[%clk 0:02:48]} Qc6 {[%clk 1:07:17]} 32. a4
{[%clk 0:02:18]} Nd6 {[%clk 1:07:36]} 33. Qb4 {[%clk 0:01:47]} Nf5
{[%clk 1:06:01]} 34. a5 {[%clk 0:01:21]} g6 {[%clk 1:06:20]} 35. Qb6
{[%clk 0:01:22]} Qd7 {[%clk 1:06:12]} 36. Qxf6+ {[%clk 0:01:30]} Kh7
{[%clk 1:06:39]} 37. Qa1 {[%clk 0:01:27]} Nh4 {[%clk 1:06:58]} 38. Bb6
{[%clk 0:01:33]} Nf3+ {[%clk 1:06:47]} 39. Kg2 {[%clk 0:01:52]} Nh4+
{[%clk 1:06:35]} 40. gxh4 {[%clk 0:32:01]} Qg4+ {[%clk 1:36:44]} 41. Kf1
{[%clk 0:32:13]} Qh3+ {[%clk 1:35:23]} 42. Ke1 {[%clk 0:32:32]} 1-0